[Event "Charlesbourg Alekhine"]
[Site "Charlesbourg CAN"]
[Date "2011.09.19"]
[Round "3"]
[White "Lessard, Claude"]
[Black "Beaudoin, Stephane"]
[Result "0-1"]
[WhiteElo "2057"]
[BlackElo "2044"]
[PlyCount "84"]
[GameId "2160767909648879"]
[EventDate "2011.09.05"]
[EventType "swiss"]
[EventRounds "5"]
[EventCountry "CAN"]
[SourceTitle "EXT 2022"]
[Source "ChessBase"]
[SourceDate "2021.10.06"]
[SourceVersion "1"]
[SourceVersionDate "2021.10.06"]
[SourceQuality "1"]

1. d4 Nf6 2. c4 e6 3. Nc3 c5 4. d5 exd5 5. cxd5 d6 6. e4 g6 7. Be2 Bg7 8. Nf3 O-O 9. O-O Bg4 10. Nd2 Bxe2 11. Qxe2 Nbd7 12. a4 a6 13. Nc4 Nb6 14. Ne3 Qc7 15. a5 Nbd7 16. Ra3 Rfe8 17. Nc4 b5 18. axb6 Nxb6 19. Ne3 Nxe4 20. Nxe4 Rxe4 21. Rxa6 Rae8 22. Qb5 Rb8 23. Qc6 Qb7 24. Qxb7 Rxb7 25. Bd2 Bd4 26. Rd1 Kg7 27. Kf1 h5 28. Bc3 f6 29. Ke2 f5 30. Kf3 Kf7 31. Rd3 Ke7 32. g3 Nd7 33. Bxd4 Rxd4 34. Rxd4 Ne5+ 35. Kf4 cxd4 36. Nd1 Rb5 37. Ra7+ Kf6 38. h4 Rb3 39. Ra3 Rb4 40. f3 d3+ 41. Ke3 Nc4+ 42. Kxd3 Nxa3 0-1

[Event "Charlesbourg Alekhine"]
[Site "Charlesbourg CAN"]
[Date "2011.09.19"]
[Round "3"]
[White "Plante, Rejean"]
[Black "Glode, Martin"]
[Result "1/2-1/2"]
[WhiteElo "2050"]
[BlackElo "1831"]
[PlyCount "66"]
[GameId "2160767909648880"]
[EventDate "2011.09.05"]
[EventType "swiss"]
[EventRounds "5"]
[EventCountry "CAN"]
[SourceTitle "EXT 2022"]
[Source "ChessBase"]
[SourceDate "2021.10.06"]
[SourceVersion "1"]
[SourceVersionDate "2021.10.06"]
[SourceQuality "1"]

1. d4 Nf6 2. c4 e6 3. Nf3 Bb4+ 4. Bd2 Qe7 5. a3 Bxd2+ 6. Nbxd2 d6 7. e4 e5 8. d5 a5 9. Bd3 O-O 10. O-O Na6 11. Ne1 Nc5 12. Bc2 b6 13. b4 Na6 14. Nd3 Ng4 15. h3 Nh6 16. f4 exf4 17. Rxf4 f5 18. exf5 Qe3+ 19. Kh1 Bxf5 20. Nf1 Qe7 21. bxa5 bxa5 22. Qd2 Bxd3 23. Rxf8+ Rxf8 24. Qxd3 g6 25. Qd2 Qf6 26. Rb1 Qf4 27. Qc3 Nc5 28. Re1 Nf7 29. Nd2 Ne5 30. Rf1 Qh4 31. Rxf8+ Kxf8 32. Qxa5 Qe1+ 33. Kh2 Ng4+ 1/2-1/2

[Event "Charlesbourg Alekhine"]
[Site "Charlesbourg CAN"]
[Date "2011.09.26"]
[Round "4"]
[White "Pelletier, Sophie"]
[Black "Lessard, Claude"]
[Result "0-1"]
[WhiteElo "1200"]
[BlackElo "2057"]
[PlyCount "52"]
[GameId "2160767909648881"]
[EventDate "2011.09.05"]
[EventType "swiss"]
[EventRounds "5"]
[EventCountry "CAN"]
[SourceTitle "EXT 2022"]
[Source "ChessBase"]
[SourceDate "2021.10.06"]
[SourceVersion "1"]
[SourceVersionDate "2021.10.06"]
[SourceQuality "1"]

1. d4 Nf6 2. Nf3 c5 3. Bf4 cxd4 4. Nxd4 e5 5. Bxe5 Qa5+ 6. Nc3 Qxe5 7. e3 Bb4 8. Qd3 Nc6 9. O-O-O Bxc3 10. Qxc3 O-O 11. f4 Qe4 12. Bd3 Nxd4 13. exd4 Qxf4+ 14. Kb1 d5 15. Rdf1 Qd6 16. h3 Ne4 17. Bxe4 dxe4 18. Qe3 Re8 19. g4 Bd7 20. c4 b5 21. c5 Qd5 22. Rf4 a5 23. b3 a4 24. b4 a3 25. g5 Ra4 26. Qe1 Qxd4 0-1

[Event "Charlesbourg Alekhine"]
[Site "Charlesbourg CAN"]
[Date "2011.09.26"]
[Round "4"]
[White "Tremblay, Rejean"]
[Black "Beaudoin, Stephane"]
[Result "1-0"]
[WhiteElo "2243"]
[BlackElo "2044"]
[PlyCount "131"]
[GameId "2160767909648882"]
[EventDate "2011.09.05"]
[EventType "swiss"]
[EventRounds "5"]
[EventCountry "CAN"]
[SourceTitle "EXT 2022"]
[Source "ChessBase"]
[SourceDate "2021.10.06"]
[SourceVersion "1"]
[SourceVersionDate "2021.10.06"]
[SourceQuality "1"]

1. d4 Nf6 2. c4 e6 3. Nc3 Bb4 4. e3 O-O 5. Nge2 b6 6. a3 Bxc3+ 7. Nxc3 Bb7 8. Bd3 d5 9. cxd5 exd5 10. f3 c5 11. O-O Nc6 12. b3 Kh8 13. dxc5 bxc5 14. Na4 Qe7 15. Qc2 c4 16. bxc4 dxc4 17. Bxc4 Rac8 18. Qe2 Na5 19. Ba2 Qd7 20. Nb2 Qc6 21. Qe1 Qb6 22. Rb1 Qd8 23. Bd2 Nc6 24. Qe2 Re8 25. Rfc1 Qe7 26. Rc3 Nd4 27. Qf2 Rxc3 28. Bxc3 Nb5 29. Bxf6 gxf6 30. Nc4 Nc3 31. Rxb7 Qxb7 32. Nd6 Qe7 33. Nxe8 Qxe8 34. Bb3 Qe7 35. Qe1 Nb5 36. a4 Nd4 37. Bd1 Nf5 38. Kf2 Qd6 39. Bc2 Ne7 40. Qd1 Qxh2 41. Qd8+ Ng8 42. Qd4 Qh5 43. f4 Qh4+ 44. Kf1 Qh1+ 45. Kf2 Qh4+ 46. Ke2 Qh5+ 47. Kd2 Qh4 48. Qxa7 Qf2+ 49. Kc3 Kg7 50. Qc5 Nh6 51. Kb4 Qxg2 52. a5 Qd2+ 53. Kb3 Ng4 54. a6 Qd7 55. a7 Qb7+ 56. Ka3 Qa6+ 57. Kb4 Qb7+ 58. Ka5 h5 59. Ba4 h4 60. Bc6 Qc7+ 61. Ka4 Nxe3 62. a8=Q Qxf4+ 63. Kb3 Nf5 64. Qaf8+ Kg6 65. Qg8+ Ng7 66. Qg1+ 1-0

[Event "Charlesbourg Alekhine"]
[Site "Charlesbourg CAN"]
[Date "2011.10.04"]
[Round "5"]
[White "Beaudoin, Stephane"]
[Black "Chiffot, Nicolas"]
[Result "1/2-1/2"]
[WhiteElo "2044"]
[BlackElo "2057"]
[PlyCount "85"]
[GameId "2160767909648883"]
[EventDate "2011.09.05"]
[EventType "swiss"]
[EventRounds "5"]
[EventCountry "CAN"]
[SourceTitle "EXT 2022"]
[Source "ChessBase"]
[SourceDate "2021.10.06"]
[SourceVersion "1"]
[SourceVersionDate "2021.10.06"]
[SourceQuality "1"]

1. e4 e6 2. d4 d5 3. Nc3 Bb4 4. Nge2 b6 5. a3 Bf8 6. exd5 exd5 7. Nf4 Nf6 8. Be2 c6 9. O-O Bd6 10. Nd3 Bf5 11. Ne5 Qc7 12. Bd3 Bxd3 13. Qxd3 O-O 14. f4 Nbd7 15. Bd2 Rfe8 16. Rae1 Rad8 17. Qf3 Nf8 18. Re2 Ne6 19. Qd3 Nxd4 20. Ree1 Ne6 21. Qf5 Nc5 22. Ng4 Ncd7 23. Kh1 Nxg4 24. Qxg4 Nf6 25. Qh4 Qd7 26. Be3 c5 27. Bc1 d4 28. Ne2 Qg4 29. Qxg4 Nxg4 30. Ng3 g6 31. Ne4 Be7 32. h3 Nf6 33. f5 Nxe4 34. Rxe4 Bf6 35. Rg4 Re2 36. fxg6 hxg6 37. h4 Rxc2 38. h5 d3 39. hxg6 d2 40. Bxd2 Rdxd2 41. Rxf6 fxg6 42. Rgxg6+ Kh7 43. Rh6+ 1/2-1/2

[Event "Charlesbourg Alekhine"]
[Site "Charlesbourg CAN"]
[Date "2011.10.04"]
[Round "5"]
[White "Plante, Rejean"]
[Black "Tremblay, Rejean"]
[Result "1-0"]
[WhiteElo "2050"]
[BlackElo "2243"]
[PlyCount "60"]
[GameId "2160767909648884"]
[EventDate "2011.09.05"]
[EventType "swiss"]
[EventRounds "5"]
[EventCountry "CAN"]
[SourceTitle "EXT 2022"]
[Source "ChessBase"]
[SourceDate "2021.10.06"]
[SourceVersion "1"]
[SourceVersionDate "2021.10.06"]
[SourceQuality "1"]

1. c4 Nf6 2. Nc3 g6 3. g3 Bg7 4. Bg2 O-O 5. d4 d6 6. Nf3 Nbd7 7. e4 e5 8. h3 exd4 9. Nxd4 c6 10. O-O Re8 11. Re1 a5 12. Bf4 Ne5 13. b3 Nfd7 14. Qd2 Nc5 15. Bxe5 dxe5 16. Nf3 Qxd2 17. Nxd2 Be6 18. Rad1 a4 19. Bf1 axb3 20. Nxb3 Bf8 21. Rb1 Na4 22. Nd1 Red8 23. Nc1 Rxd1 24. Rxd1 Nc3 25. Nd3 Nxd1 26. Rxd1 Bxc4 27. Nxe5 Bxf1 28. Kxf1 Bg7 29. Nd7 Rxa2 30. Nc5 Ra7 1-0

[Event "Charlesbourg CC-ch"]
[Site "Charlesbourg CAN"]
[Date "2011.03.21"]
[Round "1"]
[White "Poliquin, Yvone"]
[Black "Beaudoin, Stephane"]
[Result "1-0"]
[WhiteElo "1963"]
[BlackElo "1992"]
[PlyCount "43"]
[GameId "2160767909787327"]
[EventDate "2011.03.21"]
[EventType "tourn"]
[EventRounds "5"]
[EventCountry "CAN"]
[SourceTitle "EXT 2022"]
[Source "ChessBase"]
[SourceDate "2021.10.06"]
[SourceVersion "1"]
[SourceVersionDate "2021.10.06"]
[SourceQuality "1"]

1. e4 c5 2. Nf3 d6 3. d4 cxd4 4. Qxd4 Nc6 5. Bb5 Bd7 6. Bxc6 Bxc6 7. Nc3 Nf6 8. Bg5 e5 9. Qd2 h6 10. Bxf6 Qxf6 11. Nd5 Bxd5 12. Qxd5 O-O-O 13. O-O-O Kb8 14. Nxe5 Qf4+ 15. Kb1 Rc8 16. Nxf7 Rc5 17. Qe6 Qxf2 18. Nxh8 Qxc2+ 19. Ka1 a6 20. Ng6 Rb5 21. Rb1 Qxg2 22. Nxf8 1-0

[Event "Charlesbourg CC-ch"]
[Site "Charlesbourg CAN"]
[Date "2011.03.21"]
[Round "1"]
[White "Tremblay, Rejean"]
[Black "Glode, Martin"]
[Result "1-0"]
[WhiteElo "2347"]
[BlackElo "1840"]
[PlyCount "71"]
[GameId "2160767909787328"]
[EventDate "2011.03.21"]
[EventType "tourn"]
[EventRounds "5"]
[EventCountry "CAN"]
[SourceTitle "EXT 2022"]
[Source "ChessBase"]
[SourceDate "2021.10.06"]
[SourceVersion "1"]
[SourceVersionDate "2021.10.06"]
[SourceQuality "1"]

1. e4 e6 2. d4 d5 3. Nc3 Nf6 4. Bg5 dxe4 5. Nxe4 Nbd7 6. Nf3 Be7 7. Nxf6+ Bxf6 8. Qd2 h6 9. Bf4 c5 10. c3 O-O 11. Bd3 Re8 12. O-O cxd4 13. cxd4 Nb6 14. Rae1 Nd5 15. Bg3 Bd7 16. Ne5 Rc8 17. Re4 Bc6 18. Nxc6 bxc6 19. Ba6 Qb6 20. Bxc8 Rxc8 21. Be5 Qa6 22. b3 Qb7 23. Bxf6 Nxf6 24. Re3 Nd5 25. Rg3 Kh8 26. Rc1 Nf6 27. Qc2 Nd5 28. a3 Qa6 29. b4 Nf4 30. Re3 Nd5 31. Rf3 Kg8 32. h3 Rc7 33. Qe4 Qa4 34. Qe5 g6 35. Rc5 Re7 36. Kh2 1-0

[Event "Charlesbourg CC-ch"]
[Site "Charlesbourg CAN"]
[Date "2011.03.28"]
[Round "2"]
[White "Beaudoin, Stephane"]
[Black "Tremblay, Rejean"]
[Result "0-1"]
[WhiteElo "1992"]
[BlackElo "2347"]
[PlyCount "66"]
[GameId "2160767909787329"]
[EventDate "2011.03.21"]
[EventType "tourn"]
[EventRounds "5"]
[EventCountry "CAN"]
[SourceTitle "EXT 2022"]
[Source "ChessBase"]
[SourceDate "2021.10.06"]
[SourceVersion "1"]
[SourceVersionDate "2021.10.06"]
[SourceQuality "1"]

1. e4 c5 2. Nf3 d6 3. d4 cxd4 4. Nxd4 Nf6 5. Nc3 a6 6. Bc4 e6 7. Bb3 b5 8. Qe2 Be7 9. Be3 Qc7 10. O-O-O O-O 11. f3 b4 12. Na4 Nbd7 13. g4 Nc5 14. g5 Nxb3+ 15. axb3 Nd7 16. h4 Nc5 17. Qg2 Nxa4 18. bxa4 Bd7 19. h5 Bxa4 20. Kb1 Rac8 21. Rc1 Bd7 22. Rhg1 d5 23. exd5 e5 24. Ne2 b3 25. Ng3 Qa5 26. cxb3 Rxc1+ 27. Bxc1 Qxd5 28. g6 fxg6 29. hxg6 hxg6 30. Rh1 Bb5 31. Ka2 Rxf3 32. Qc2 Rxg3 33. Rd1 Qe6 0-1

[Event "Charlesbourg CC-ch"]
[Site "Charlesbourg CAN"]
[Date "2011.03.28"]
[Round "2"]
[White "Lessard, Claude"]
[Black "Glode, Martin"]
[Result "1-0"]
[WhiteElo "2094"]
[BlackElo "1840"]
[PlyCount "55"]
[GameId "2160767909787330"]
[EventDate "2011.03.21"]
[EventType "tourn"]
[EventRounds "5"]
[EventCountry "CAN"]
[SourceTitle "EXT 2022"]
[Source "ChessBase"]
[SourceDate "2021.10.06"]
[SourceVersion "1"]
[SourceVersionDate "2021.10.06"]
[SourceQuality "1"]

1. d4 d5 2. Nf3 Nf6 3. e3 c5 4. c3 Qc7 5. Bd3 g6 6. Nbd2 Bg7 7. O-O O-O 8. Ne5 Nc6 9. f4 Nd7 10. Ndf3 f6 11. Nxc6 Qxc6 12. f5 e5 13. dxe5 fxe5 14. Ng5 e4 15. Bc2 Rxf5 16. Rxf5 gxf5 17. Nh3 Ne5 18. Nf4 Be6 19. Bd2 Bf7 20. Qe2 Rd8 21. Rc1 Qd6 22. Rf1 Nc4 23. Be1 d4 24. exd4 cxd4 25. Bb3 d3 26. Qd1 Ne5 27. Bxf7+ Nxf7 28. Bd2 1-0

[Event "Charlesbourg CC-ch"]
[Site "Charlesbourg CAN"]
[Date "2011.04.04"]
[Round "3"]
[White "Glode, Martin"]
[Black "Beaudoin, Stephane"]
[Result "0-1"]
[WhiteElo "1840"]
[BlackElo "1992"]
[PlyCount "80"]
[GameId "2160767909787331"]
[EventDate "2011.03.21"]
[EventType "tourn"]
[EventRounds "5"]
[EventCountry "CAN"]
[SourceTitle "EXT 2022"]
[Source "ChessBase"]
[SourceDate "2021.10.06"]
[SourceVersion "1"]
[SourceVersionDate "2021.10.06"]
[SourceQuality "1"]

1. e4 c5 2. c3 Nf6 3. e5 Nd5 4. g3 e6 5. Bg2 d6 6. exd6 Bxd6 7. Nf3 O-O 8. O-O Nc7 9. Re1 Nc6 10. Na3 e5 11. Nc4 Bg4 12. Nxd6 Qxd6 13. Qa4 Bxf3 14. Bxf3 Rad8 15. d4 cxd4 16. Bxc6 bxc6 17. cxd4 Qxd4 18. Qxc6 Nd5 19. Bg5 Rc8 20. Qd6 Rc2 21. Be3 Nxe3 22. Qxd4 exd4 23. fxe3 d3 24. Red1 Rd8 25. Rac1 Rxb2 26. Rxd3 Rdb8 27. Ra3 R2b7 28. Rac3 Kf8 29. Rc7 Rxc7 30. Rxc7 Rb1+ 31. Kg2 Rb2+ 32. Kf3 Rxa2 33. h4 g6 34. e4 a5 35. Kf4 a4 36. Ra7 a3 37. Ke5 Kg7 38. Ra6 Ra1 39. Ra7 a2 40. Ra6 f5 0-1

[Event "Charlesbourg CC-ch"]
[Site "Charlesbourg CAN"]
[Date "2011.04.04"]
[Round "3"]
[White "Poliquin, Yvone"]
[Black "Lessard, Claude"]
[Result "1-0"]
[WhiteElo "2094"]
[BlackElo "1963"]
[PlyCount "139"]
[GameId "2160767909787332"]
[EventDate "2011.03.21"]
[EventType "tourn"]
[EventRounds "5"]
[EventCountry "CAN"]
[SourceTitle "EXT 2022"]
[Source "ChessBase"]
[SourceDate "2021.10.06"]
[SourceVersion "1"]
[SourceVersionDate "2021.10.06"]
[SourceQuality "1"]

1. e4 e6 2. d4 d5 3. exd5 exd5 4. c4 Nf6 5. Nc3 c6 6. Nf3 Bb4 7. Bd3 dxc4 8. Bxc4 Qe7+ 9. Be3 Bg4 10. O-O O-O 11. Be2 Nbd7 12. h3 Bh5 13. Ne1 Bxe2 14. Qxe2 Rfe8 15. Nc2 Bxc3 16. bxc3 Ne4 17. Qd3 Rad8 18. Bf4 Qf6 19. Bc7 Rc8 20. Bh2 c5 21. Ne3 cxd4 22. cxd4 b6 23. Qb5 Qc6 24. Qf5 g6 25. Qf4 Qc3 26. Ng4 f5 27. Rac1 Qxd4 28. Rcd1 Qg7 29. Nh6+ Kh8 30. Qe3 Ndc5 31. Rfe1 Nd6 32. Be5 Rxe5 33. Qxe5 Nde4 34. Nf7+ Kg8 35. Rd8+ Rxd8 36. Qxg7+ Kxg7 37. Nxd8 Kf6 38. Nc6 a5 39. Rb1 Na4 40. a3 Nec3 41. Re1 f4 42. Re8 h5 43. Rf8+ Kg5 44. Rd8 Kf6 45. Kf1 Nb5 46. Rf8+ Ke6 47. Rxf4 Nac3 48. Nd4+ Kd5 49. Nc2 Nd6 50. Rf6 g5 51. Rg6 b5 52. Ne3+ Kc5 53. Rxg5+ Kd4 54. Rxh5 Nc4 55. Rh4+ Kd3 56. Nxc4 bxc4 57. Rh5 a4 58. Rc5 Kd4 59. Ra5 Kd3 60. h4 Ne4 61. Rd5+ Kc2 62. Rd4 Nd2+ 63. Ke2 c3 64. h5 Kb3 65. Rxd2 cxd2 66. Kxd2 Kxa3 67. Kc2 Ka2 68. h6 Ka1 69. h7 a3 70. h8=Q+ 1-0

[Event "Charlesbourg CC-ch"]
[Site "Charlesbourg CAN"]
[Date "2011.04.04"]
[Round "3"]
[White "Tremblay, Rejean"]
[Black "Fecteau, Martin"]
[Result "1-0"]
[WhiteElo "2347"]
[BlackElo "2037"]
[PlyCount "47"]
[GameId "2160767909787333"]
[EventDate "2011.03.21"]
[EventType "tourn"]
[EventRounds "5"]
[EventCountry "CAN"]
[SourceTitle "EXT 2022"]
[Source "ChessBase"]
[SourceDate "2021.10.06"]
[SourceVersion "1"]
[SourceVersionDate "2021.10.06"]
[SourceQuality "1"]

1. e4 c5 2. Nf3 d6 3. d4 cxd4 4. Nxd4 Nf6 5. Nc3 a6 6. Bg5 e6 7. f4 h6 8. Bh4 Qb6 9. Qd2 Qxb2 10. Rb1 Qa3 11. f5 Nc6 12. fxe6 fxe6 13. Nxc6 bxc6 14. e5 dxe5 15. Bxf6 gxf6 16. Be2 h5 17. Ne4 Be7 18. Rb3 Qa4 19. Nxf6+ Bxf6 20. c4 Bh4+ 21. g3 Bd8 22. O-O Qa5 23. Qd6 Qc7 24. Bxh5+ 1-0

[Event "Charlesbourg CC-ch"]
[Site "Charlesbourg CAN"]
[Date "2011.04.11"]
[Round "4"]
[White "Lessard, Claude"]
[Black "Beaudoin, Stephane"]
[Result "0-1"]
[WhiteElo "2092"]
[BlackElo "1992"]
[PlyCount "78"]
[GameId "2160767909787334"]
[EventDate "2011.03.21"]
[EventType "tourn"]
[EventRounds "5"]
[EventCountry "CAN"]
[SourceTitle "EXT 2022"]
[Source "ChessBase"]
[SourceDate "2021.10.06"]
[SourceVersion "1"]
[SourceVersionDate "2021.10.06"]
[SourceQuality "1"]

1. d4 g6 2. Nf3 Bg7 3. g3 d6 4. Bg2 Nf6 5. O-O O-O 6. c3 Nc6 7. Na3 Bg4 8. d5 Nb8 9. Nd4 Qd7 10. Re1 Bh3 11. Ne6 Bxg2 12. Nxf8 Qh3 13. f3 Bxf8 14. e4 Nbd7 15. Qe2 Bxf3 16. Qxf3 Ne5 17. Qg2 Qg4 18. Kh1 Nh5 19. Be3 c5 20. dxc6 bxc6 21. Bd4 Nf3 22. Rf1 Ng5 23. Rae1 c5 24. Bg1 Rb8 25. Nc4 Bg7 26. e5 Qxc4 27. exd6 exd6 28. Re7 Bf8 29. Rxa7 Rxb2 30. Qxb2 Qxf1 31. Qg2 Qd3 32. a4 d5 33. a5 Nf6 34. a6 Nf3 35. Ra8 Kg7 36. Rxf8 Ne1 37. a7 Nxg2 38. Kxg2 Qe2+ 39. Kh3 Qf1+ 0-1

[Event "Charlesbourg CC-ch"]
[Site "Charlesbourg CAN"]
[Date "2011.04.11"]
[Round "4"]
[White "Poliquin, Yvone"]
[Black "Tremblay, Rejean"]
[Result "0-1"]
[WhiteElo "1963"]
[BlackElo "2347"]
[PlyCount "64"]
[GameId "2160767909787335"]
[EventDate "2011.03.21"]
[EventType "tourn"]
[EventRounds "5"]
[EventCountry "CAN"]
[SourceTitle "EXT 2022"]
[Source "ChessBase"]
[SourceDate "2021.10.06"]
[SourceVersion "1"]
[SourceVersionDate "2021.10.06"]
[SourceQuality "1"]

1. e4 c5 2. Nf3 d6 3. d4 cxd4 4. Nxd4 Nf6 5. Nc3 a6 6. Bc4 e6 7. Bb3 Nbd7 8. f4 Nc5 9. e5 dxe5 10. fxe5 Nfd7 11. Bf4 g6 12. Qf3 Bg7 13. O-O-O O-O 14. Qg3 Nxb3+ 15. Nxb3 Qc7 16. Rhe1 Nb6 17. Ne4 Nd5 18. Rxd5 exd5 19. Nf6+ Bxf6 20. exf6 Qc4 21. Qg5 Bf5 22. Nd4 Bxc2 23. Bd2 Be4+ 24. Bc3 Kh8 25. Qh6 Rg8 26. Ne6 fxe6 27. f7+ e5 28. fxg8=Q+ Kxg8 29. Qg5 Re8 30. Qe3 Qxa2 31. Kd2 d4 32. Qxe4 dxc3+ 0-1

[Event "Charlesbourg CC-ch"]
[Site "Charlesbourg CAN"]
[Date "2011.04.18"]
[Round "5"]
[White "Beaudoin, Stephane"]
[Black "Fecteau, Martin"]
[Result "1-0"]
[WhiteElo "1992"]
[BlackElo "2037"]
[PlyCount "61"]
[GameId "2160767909787336"]
[EventDate "2011.03.21"]
[EventType "tourn"]
[EventRounds "5"]
[EventCountry "CAN"]
[SourceTitle "EXT 2022"]
[Source "ChessBase"]
[SourceDate "2021.10.06"]
[SourceVersion "1"]
[SourceVersionDate "2021.10.06"]
[SourceQuality "1"]

1. e4 c5 2. Nf3 d6 3. d4 cxd4 4. Nxd4 Nf6 5. Nc3 a6 6. Bc4 e6 7. Bb3 Nbd7 8. f4 Nc5 9. O-O Ncxe4 10. Nxe4 Nxe4 11. f5 d5 12. fxe6 fxe6 13. Be3 Qh4 14. Rf4 Qe7 15. Qf3 g6 16. Rf1 Bh6 17. Rf7 Bxe3+ 18. Qxe3 Qxf7 19. Rxf7 Kxf7 20. Nf3 Rf8 21. c4 Nf6 22. Qb6 Kg8 23. Ne5 a5 24. g4 dxc4 25. Bxc4 Nd5 26. Qd6 Nf4 27. h4 a4 28. g5 Ra5 29. Ng4 Nd5 30. Nh6+ Kg7 31. Bxd5 1-0

[Event "Charlesbourg CC-ch"]
[Site "Charlesbourg CAN"]
[Date "2011.04.18"]
[Round "5"]
[White "Glode, Martin"]
[Black "Poliquin, Yvone"]
[Result "1/2-1/2"]
[WhiteElo "1840"]
[BlackElo "1963"]
[PlyCount "52"]
[GameId "2160767909787337"]
[EventDate "2011.03.21"]
[EventType "tourn"]
[EventRounds "5"]
[EventCountry "CAN"]
[SourceTitle "EXT 2022"]
[Source "ChessBase"]
[SourceDate "2021.10.06"]
[SourceVersion "1"]
[SourceVersionDate "2021.10.06"]
[SourceQuality "1"]

1. e4 c5 2. c3 Qc7 3. d4 d6 4. Nf3 g6 5. h3 Bg7 6. Be3 b6 7. Bb5+ Bd7 8. Bxd7+ Nxd7 9. Nbd2 Ngf6 10. O-O O-O 11. Bf4 e5 12. dxe5 dxe5 13. Bh2 b5 14. a4 a6 15. axb5 axb5 16. Qb3 Rxa1 17. Rxa1 Rb8 18. Ng5 c4 19. Qa3 Bf8 20. Qa7 Rb7 21. Qa5 Qd6 22. Ngf3 Bh6 23. Qd8+ Qf8 24. Qxf8+ Kxf8 25. g4 Bxd2 26. Nxd2 g5 1/2-1/2

[Event "Charlesbourg CC-ch"]
[Site "Charlesbourg CAN"]
[Date "2011.04.18"]
[Round "5"]
[White "Tremblay, Rejean"]
[Black "Lessard, Claude"]
[Result "1-0"]
[WhiteElo "2347"]
[BlackElo "2094"]
[PlyCount "53"]
[GameId "2160767909787338"]
[EventDate "2011.03.21"]
[EventType "tourn"]
[EventRounds "5"]
[EventCountry "CAN"]
[SourceTitle "EXT 2022"]
[Source "ChessBase"]
[SourceDate "2021.10.06"]
[SourceVersion "1"]
[SourceVersionDate "2021.10.06"]
[SourceQuality "1"]

1. d4 Nf6 2. c4 c5 3. d5 b5 4. cxb5 a6 5. bxa6 Bxa6 6. Nc3 g6 7. g3 d6 8. Bg2 Bg7 9. Nf3 Nbd7 10. O-O Ng4 11. h3 Nge5 12. Nxe5 Nxe5 13. Qa4+ Qd7 14. Qc2 Qb7 15. Rb1 c4 16. Be3 O-O 17. Rfd1 Nd7 18. Qd2 Rfb8 19. Bd4 Bxd4 20. Qxd4 Nc5 21. h4 Qb4 22. h5 Bc8 23. hxg6 hxg6 24. Bf3 f6 25. Kg2 Kg7 26. Rh1 Bd7 27. Qe3 1-0

[Event "Charlesbourg Capablanca"]
[Site "Charlesbourg CAN"]
[Date "2011.01.03"]
[Round "1"]
[White "Beaudoin, Stephane"]
[Black "Carignan, Michel"]
[Result "1-0"]
[WhiteElo "2044"]
[BlackElo "1450"]
[PlyCount "59"]
[GameId "2160767909829756"]
[EventDate "2011.01.03"]
[EventType "swiss"]
[EventRounds "5"]
[EventCountry "CAN"]
[SourceTitle "EXT 2022"]
[Source "ChessBase"]
[SourceDate "2021.10.06"]
[SourceVersion "1"]
[SourceVersionDate "2021.10.06"]
[SourceQuality "1"]

1. e4 c5 2. Nf3 d6 3. d4 cxd4 4. Nxd4 Nf6 5. Bd3 Nc6 6. Nxc6 bxc6 7. O-O g6 8. Nc3 Bg7 9. Bg5 Be6 10. Qd2 Qc7 11. f4 h6 12. Bh4 d5 13. f5 Ng4 14. Bg3 Qb6+ 15. Kh1 Qe3 16. Qxe3 Nxe3 17. fxe6 Nxf1 18. exf7+ Kxf7 19. Rxf1+ Kg8 20. exd5 Bxc3 21. bxc3 cxd5 22. Bxg6 Kg7 23. Bd3 Rhf8 24. Be5+ Kg8 25. Rb1 e6 26. h3 Rf7 27. Rb4 Rc8 28. Rg4+ Kf8 29. Bd6+ Ke8 30. Bb5+ 1-0

[Event "Charlesbourg Capablanca"]
[Site "Charlesbourg CAN"]
[Date "2011.01.03"]
[Round "1"]
[White "Lessard, Claude"]
[Black "Oliver, Vance"]
[Result "1-0"]
[WhiteElo "2062"]
[BlackElo "1500"]
[PlyCount "73"]
[GameId "2160767909829757"]
[EventDate "2011.01.03"]
[EventType "swiss"]
[EventRounds "5"]
[EventCountry "CAN"]
[SourceTitle "EXT 2022"]
[Source "ChessBase"]
[SourceDate "2021.10.06"]
[SourceVersion "1"]
[SourceVersionDate "2021.10.06"]
[SourceQuality "1"]

1. d4 d5 2. c4 e6 3. Nf3 Nf6 4. g3 c6 5. Bg2 Be7 6. O-O O-O 7. Nbd2 Qc7 8. Rb1 a5 9. a3 Nbd7 10. b4 a4 11. Qc2 Rd8 12. Bb2 Nf8 13. Rfd1 Ng6 14. Rbc1 Bd7 15. e4 Rdc8 16. Qd3 Qb6 17. Ne5 Nxe5 18. dxe5 Ng4 19. Qe2 h5 20. h3 Nxf2 21. Qxf2 c5 22. exd5 exd5 23. Bxd5 Rf8 24. b5 Bxh3 25. Ne4 Qg6 26. Bxb7 Rab8 27. Bd5 Rbd8 28. Re1 h4 29. Rcd1 Bf5 30. Rd3 h3 31. Rf3 Rxd5 32. Rxf5 Rd3 33. Bc1 Rd4 34. Rf4 Qe6 35. Qf1 Rxc4 36. Nf6+ gxf6 37. Rxc4 1-0

[Event "Charlesbourg Capablanca"]
[Site "Charlesbourg CAN"]
[Date "2011.01.10"]
[Round "2"]
[White "Chouinard, Marc"]
[Black "Perron, Jonathan"]
[Result "1/2-1/2"]
[WhiteElo "1680"]
[BlackElo "2148"]
[PlyCount "86"]
[GameId "2160767909829758"]
[EventDate "2011.01.03"]
[EventType "swiss"]
[EventRounds "5"]
[EventCountry "CAN"]
[SourceTitle "EXT 2022"]
[Source "ChessBase"]
[SourceDate "2021.10.06"]
[SourceVersion "1"]
[SourceVersionDate "2021.10.06"]
[SourceQuality "1"]

1. e4 c5 2. c3 d6 3. d4 Nf6 4. Bd3 g6 5. Nf3 Bg7 6. O-O O-O 7. h3 cxd4 8. cxd4 Nc6 9. Nc3 a6 10. Be3 b5 11. a3 Bb7 12. Qd2 Na5 13. Rad1 Rc8 14. Bh6 Nc4 15. Bxc4 Rxc4 16. Bxg7 Kxg7 17. b3 Rc8 18. d5 Qa5 19. Nb1 Qxd2 20. Nfxd2 Rc2 21. Rc1 Rfc8 22. Rxc2 Rxc2 23. Re1 a5 24. b4 axb4 25. axb4 Nd7 26. Re3 Ne5 27. Rc3 Rxc3 28. Nxc3 Ba6 29. Nb3 Nd3 30. Nd4 Kf6 31. Ncxb5 Ke5 32. f3 Nxb4 33. Kf2 f5 34. Ke3 fxe4 35. fxe4 Nc2+ 36. Nxc2 Bxb5 37. h4 Bf1 38. Ne1 h6 39. g3 g5 40. hxg5 hxg5 41. Nf3+ Kf6 42. Nd4 Bg2 43. Ne6 Bh3 1/2-1/2